000 00614nac a22001931u 4500
010 _aunk83022749
082 _a051
_bM2893
090 _c2977
_d2977
100 _aMakepeace, William.
245 0 0 _aVanity fair /
_bBy William Makepeace ,Tha Ckeray.
260 _aLondon:
_cOdham Press Limited,
_bc.1848.
300 _a1 v.
_bcm.
500 _aDonations.
500 _aDonations - Dr. Mostafa Gouda.
650 _aEnglish-Literature
700 _aCkeray ,Tha.
942 _cBB
_k051M2893
999 _c2977
_d2977